match the greys character to their actor/actress - Statistics

General Stats
  • This quiz has been taken 66 times
  • The average score is 20 of 39
Answer Stats
Hint Answer % Correct
cristina yang sandra oh
94%
meredith grey ellen pompeo
89%
addison montgomery kate walsh
86%
derek shepherd patrick dempsey
86%
izzie stevens katherine heigl
83%
jo wilson camilla luddington
80%
miranda bailey chandra wilson
80%
jackson avery jesse williams
80%
arizona robbins jessica capshaw
80%
alex karev justin chambers
80%
preston burke isaiah washington
77%
callie torres sara ramirez
77%
owen hunt kevin mckidd
74%
april kepner sarah drew
74%
amelia shepherd caterina scorsone
69%
lexie grey chyler leigh
69%
mark sloan eric dane
69%
george o'malley t r knight
69%
andrew deluca giacomo gianniotti
66%
teddy altman kim raver
63%
richard webber james pickens jr
60%
ben warren jason george
51%
maggie pierce kelly mrcreary
46%
jules millin adelaide kane
37%
erica hahn brooke smith
37%
levi schmitt jake borelli
34%
atticus lincoln chris carmack
26%
tom koracick greg germann
23%
stephanie edwards jerrika hinton
23%
shane ross gaius charles
20%
leah murphy tessa ferrer
20%
winston ndugu anthony hill
17%
nathan riggs martin henderson
17%
nick marsh scott speedman
17%
benson kwan harry shum jr
14%
cormac hayes richard flood
14%
simone griffith alexis floyd
11%
mika yasuda midori francis
11%
lucas adams niko terho
9%
No matching quizzes found
Score Distribution
Percent of People with Each Score
Percentile by Number Answered
Your Score History
You have not taken this quiz